000 00195 a2200085 4500
020 _a 9787562344292
100 _aARCHIWORLD
245 _aSIGNAGE AND WAYFINDING SYSTEM DESIGN
260 _bARCHI
_c2015
999 _c13643
_d13643